|
|
|
|
| LEADER |
00000nab a2200000 a 4500 |
| 001 |
vtls000735093 |
| 003 |
SK-MaSNL |
| 005 |
20260304122406.0 |
| 008 |
250429c2000 xo 0 slo |
| 015 |
|
|
|a SNBRB2000/10-25473
|
| 035 |
|
|
|a CLN000086961
|
| 035 |
|
|
|a urn:nbn:sk:snk-ab95l8
|
| 035 |
|
|
|a (urnnbn)urn:nbn:sk:snk:ar-006wyj
|
| 035 |
|
|
|a (uuid)f3240090-ecaa-4dff-9d3e-5518f2203a5f
|
| 040 |
|
|
|a SNKBUCL
|b slo
|c SNKBUCL
|e AACR2
|
| 041 |
0 |
|
|a slo
|
| 044 |
|
|
|a xo
|c SK
|
| 080 |
|
|
|a 943.8"12"
|2 1997
|
| 080 |
|
|
|a 235.3
|2 1997
|
| 080 |
|
|
|a 929 Salomea, bl.
|2 1997
|
| 080 |
|
|
|a 943.92"12"
|2 1997
|
| 080 |
|
|
|a 943.8-051"12"
|2 1997
|
| 080 |
|
|
|a 943.92-051"12"
|2 1997
|
| 100 |
1 |
|
|a Hollý, Karol,
|d 1980-
|4 aut
|9 28584
|
| 245 |
1 |
0 |
|a Salomea
|b blahoslavená z rodu Piastovcov
|c Karol Hollý
|
| 300 |
|
|
|b Ilustr.
|
| 600 |
0 |
7 |
|a Salomea
|c bl.
|d 1211-1268
|2 snkbucl
|9 1428775
|
| 600 |
3 |
7 |
|a Piastovci (rod)
|y stor. 13.
|2 snkbucl
|9 1428776
|
| 651 |
|
7 |
|a Poľsko
|x dejiny
|y 13. stor.
|x Salomea, bl., 1211-1268
|x zástoj
|2 snkbucl
|9 19279
|
| 651 |
|
7 |
|a Uhorsko
|x dejiny
|y stor.13.
|x Salomea, bl., 1211-1268
|x zástoj
|2 snkbucl
|9 1428777
|
| 655 |
|
7 |
|a články z novín a časopisov
|2 snkbucl
|9 267496
|
| 773 |
0 |
|
|t Kultúra
|g Roč. 3, č. 17 (2000), s. 15
|x 1335-3470
|
| 850 |
|
|
|a Slovenská národná knižnica
|
| 852 |
|
|
|a Slovenská národná knižnica
|
| 954 |
|
|
|a odborná, vedecká literatúra pôvodná (slovenská)
|2 lita
|
| 958 |
|
|
|a article13
|
| 958 |
|
|
|a OND
|
| 958 |
|
|
|a SK
|
| 958 |
|
|
|a PL
|
| 958 |
|
|
|a BC
|
| 958 |
|
|
|a EUIPO
|
| 992 |
|
|
|a RBX
|
| 999 |
|
|
|c 2888366
|d 2890296
|